|
|
|
|
| LEADER |
00737nab a2200205 i 4500 |
| 001 |
acta2495 |
| 005 |
20260123142832.0 |
| 008 |
161015s1975 hu o 000 hun d |
| 022 |
|
|
|a 0231-2670
|
| 040 |
|
|
|a SZTE Egyetemi Kiadványok Repozitórium
|b hun
|
| 041 |
|
|
|a hun
|
| 100 |
1 |
|
|a Kaposi Márton
|
| 245 |
1 |
0 |
|a Croce esztétikájának művészeti eszménye
|h [elektronikus dokumentum] /
|c Kaposi Márton
|
| 260 |
|
|
|c 1975
|
| 300 |
|
|
|a 89-130
|
| 490 |
0 |
|
|a Acta Universitatis Szegediensis : sectio philosophica
|v 16
|
| 650 |
|
4 |
|a Bölcsészettudományok
|
| 650 |
|
4 |
|a Filozófia, etika és vallástudományok
|
| 695 |
|
|
|a Croce Benedetto, Filozófia
|
| 856 |
4 |
0 |
|u http://acta.bibl.u-szeged.hu/2495/1/philosophica_016_089-130.pdf
|z Dokumentum-elérés
|